The humanistic view of man (Record no. 477475)
[ view plain ]
| 000 -LEADER | |
|---|---|
| fixed length control field | 00382cam a22001337a 4500 |
| 008 - FIXED-LENGTH DATA ELEMENTS--GENERAL INFORMATION | |
| fixed length control field | 180718b1979 xxu||||| |||| 00| 0 eng d |
| 082 ## - DEWEY DECIMAL CLASSIFICATION NUMBER | |
| Classification number | K95 Si64 |
| 100 ## - MAIN ENTRY--PERSONAL NAME | |
| Personal name | Singh, Jaideep |
| 245 ## - TITLE STATEMENT | |
| Title | The humanistic view of man |
| Statement of responsibility, etc. | by Jaideep Singh |
| 260 ## - PUBLICATION, DISTRIBUTION, ETC. | |
| Place of publication, distribution, etc. | New Delhi |
| Name of publisher, distributor, etc. | Indian Institute of Public Administration |
| Date of publication, distribution, etc. | 1979 |
| 300 ## - PHYSICAL DESCRIPTION | |
| Extent | 184p. |
| 650 ## - SUBJECT ADDED ENTRY--TOPICAL TERM | |
| Topical term or geographic name entry element | Psychology |
| 650 ## - SUBJECT ADDED ENTRY--TOPICAL TERM | |
| Topical term or geographic name entry element | Human Behaviour |
| Withdrawn status | Lost status | Damaged status | Not for loan | Permanent Location | Current Location | Date acquired | Full call number | Barcode | Date last seen | Price effective from | Koha item type | Source of classification or shelving scheme |
|---|---|---|---|---|---|---|---|---|---|---|---|---|
| Indian Institute of Public Administration | Indian Institute of Public Administration | 2018-08-04 | K95 Si64 | GR10985 | 2018-08-04 | 2018-08-04 | GR | |||||
| Indian Institute of Public Administration | Indian Institute of Public Administration | 2018-08-04 | K95 Si64 | GR10984 | 2018-08-04 | 2018-08-04 | GR | |||||
| Indian Institute of Public Administration | Indian Institute of Public Administration | 2018-08-04 | K95 Si64 | GR10313 | 2018-08-04 | 2018-08-04 | GR | |||||
| Indian Institute of Public Administration | Indian Institute of Public Administration | 2018-08-04 | K95 Si64 | GR10312 | 2018-08-04 | 2018-08-04 | GR | |||||
| Indian Institute of Public Administration | Indian Institute of Public Administration | 2018-08-04 | K95 Si64 | GR10311 | 2018-08-04 | 2018-08-04 | GR | |||||
| Indian Institute of Public Administration | Indian Institute of Public Administration | 2018-08-04 | K95 Si64 | GR10310 | 2018-08-04 | 2018-08-04 | GR | |||||
| Indian Institute of Public Administration | Indian Institute of Public Administration | 2019-08-29 | K95 Si64/c.7 | GR21509 | 2019-08-29 | 2019-08-29 | GR |
